000 00594nam a2200241 a 4500
001 nice12345678
003 IN_TiNIC
005 20260116011837.0
008 050524s1975 bana grp 000 0 eng
020 _a
_c100
082 0 0 _a241
_bTHA
100 _aThakurdas, Frank
245 _aIssues in the Struggle for Justice.
260 _aBangalore
_bReligion and Society
_c1975
300 _a61p
500 _aincludes index and biblioraphy
505 2 _aBibliography, Index
650 _aTheology-Moral
650 _aHuman Rights
902 _bSRS
942 _cBK
999 _c4381
_d4381